000 00522nam a2200193Ia 4500
003 GCL
008 140319s9999 xx 000 0 eng d
040 _aGCL /
_cGCL
082 0 4 _a320.01
_bK P
100 1 _aKANT, EMMANUEL
245 1 0 _aPOLITICAL WRITING /
_cKANT, EMMANUEL
260 _a[S.N] :
_bCAMBRIDGE UNIVERSITY PRESS ،
_c1990
300 _a310 P
650 0 4 _aCONTRIBUTIONS IN POLITICAL SCIENCE
650 0 4 _aKANT, I.(1724 - 1804)
650 0 4 _aEARLY WORKS
650 0 4 _aPOLICY SCIENCES
942 _2ddc
_cBK
999 _c24500
_d24500